Sports Quiz

Random Sports or NFL Quiz

NFL Starting QBs (Pittsburgh Steelers) Quiz Stats

 Plays Quiz Updated Jan 5, 2018

Challenge
Share
Tweet
Embed
Score 0/10 Timer 04:00
0 Plays Today
Starts Player % Correct
198Ben Roethlisberger
96.7%
44Kordell Stewart
75.3%
9Charlie Batch
75.1%
5Landry Jones
69.8%
3Michael Vick
69.5%
32Tommy Maddox
66.8%
1Byron Leftwich
49.1%
3Dennis Dixon
42.6%
5Mike Tomczak
19.5%
5Kent Graham
14.9%

You're not logged in!

Compare scores with friends on all Sporcle quizzes.
Join for Free
OR
Log In

You Might Also Like...

Show Comments

Extras

Top Quizzes Today


Score Distribution

Your Account Isn't Verified!

In order to create a playlist on Sporcle, you need to verify the email address you used during registration. Go to your Sporcle Settings to finish the process.

Report this User

Report this user for behavior that violates our Community Guidelines.

Details: